[Event "1/2 finale Crit Petits pions -14 ans"]
[Site "Maisons Alfort"]
[Date "2019.06.10"]
[Round "1.1"]
[White "Panvier, Briac"]
[Black "Fronius, Lino"]
[Result "0-1"]
[WhiteElo "1095"]
[BlackElo "1291"]
[PlyCount "86"]
[SourceDate "2019.06.11"]
[SourceVersionDate "2019.06.11"]
[WhiteTeam "Rueil Malmaison"]
[BlackTeam "Vincennes"]

1. d4 d5 2. c4 e6 3. Nc3 Nf6 4. Bg5 Bb4 5. Nf3 h6 6. Bh4 h5 7. Bg3 Nc6 8. e3 a6
9. Bd3 Ne4 10. Bxe4 dxe4 11. Nd2 g5 12. h3 f5 13. c5 Bd7 14. a3 Bxc3 15. bxc3
b5 16. cxb6 cxb6 17. Nc4 Kf8 18. Ne5 Rh6 19. Rb1 Nxe5 20. dxe5 Bb5 21. Qb3 Rc8
22. a4 Bd3 23. Rb2 Rc6 24. a5 b5 25. Qa3+ Kf7 26. Kd2 Rc4 27. f3 Ra4 28. Qc5
Qe7 29. fxe4 Bxe4 30. Rg1 Rxa5 31. Bf2 Rg6 32. Qb6 Ra4 33. Qb8 Rg8 34. Qb6 Rc8
35. Rb3 Rc6 36. Qb8 Ra2+ 37. Kc1 Rc2+ 38. Kd1 R2xc3 39. Rxc3 Rxc3 40. Qh8 Rd3+
41. Ke2 Qb7 42. Qh7+ Ke8 43. Qg8+ Kd7 0-1

[Event "1/2 finale Crit Petits pions -14 ans"]
[Site "Maisons Alfort"]
[Date "2019.06.10"]
[Round "1.2"]
[White "Haioun, Nicolas"]
[Black "Mimoune, Mehdy"]
[Result "0-1"]
[WhiteElo "1169"]
[BlackElo "1182"]
[PlyCount "80"]
[SourceDate "2019.06.11"]
[SourceVersionDate "2019.06.11"]
[WhiteTeam "Rueil Malmaison"]
[BlackTeam "Vincennes"]

1. e4 c5 2. d3 Nc6 3. Be3 d6 4. Nd2 Nf6 5. g3 e6 6. Bg2 a6 7. Ngf3 b5 8. Qe2
Be7 9. d4 cxd4 10. Nxd4 Nxd4 11. Bxd4 e5 12. Be3 Be6 13. O-O O-O 14. a3 Ng4 15.
b4 h5 16. h3 Nxe3 17. Qxe3 Bg5 18. Qe2 h4 19. Nf3 hxg3 20. fxg3 Bc4 21. Qf2
Bxf1 22. Qxf1 Be3+ 23. Kh1 Qf6 24. Qe2 Bb6 25. c4 Bd4 26. Nxd4 exd4 27. e5 dxe5
28. Bxa8 Rxa8 29. cxb5 d3 30. Qxd3 e4 31. Qe2 Qxa1+ 32. Kg2 axb5 33. Qxe4 Qb2+
34. Kg1 Qxa3 35. h4 Qxg3+ 36. Kf1 Ra1+ 37. Ke2 Re1+ 38. Kd2 Rxe4 39. Kd1 Qf2
40. Kc1 Re1# 0-1

[Event "1/2 finale Crit Petits pions -14 ans"]
[Site "Maisons Alfort"]
[Date "2019.06.10"]
[Round "1.3"]
[White "Coindreau, Elsa"]
[Black "Mimoune, Samy"]
[Result "1-0"]
[WhiteElo "1100"]
[BlackElo "1213"]
[PlyCount "55"]
[SourceDate "2019.06.11"]
[SourceVersionDate "2019.06.11"]
[WhiteTeam "Rueil Malmaison"]
[BlackTeam "Vincennes"]

1. e4 e6 2. d4 d5 3. exd5 exd5 4. c4 Nf6 5. Nc3 Bb4 6. Bg5 Be6 7. a3 Bxc3+ 8.
bxc3 O-O 9. Nf3 dxc4 10. Be2 Re8 11. O-O Bd5 12. Re1 Nc6 13. Rb1 Na5 14. Rb5 c6
15. Bxf6 gxf6 16. Rb4 b5 17. a4 a6 18. axb5 cxb5 19. Nh4 Kh8 20. Rb2 Nb3 21.
Nf5 Rg8 22. Bf3 Bxf3 23. Qxf3 Ra7 24. Rbe2 a5 25. Nh6 Rf8 26. Re8 Rxe8 27.
Rxe8+ Qxe8 28. Qxf6# 1-0

[Event "1/2 finale Crit Petits pions -14 ans"]
[Site "Maisons Alfort"]
[Date "2019.06.10"]
[Round "1.4"]
[White "Sabapathee, Florian"]
[Black "Munier, Alexis"]
[Result "0-1"]
[WhiteElo "1166"]
[BlackElo "1129"]
[PlyCount "64"]
[SourceDate "2019.06.11"]
[SourceVersionDate "2019.06.11"]
[WhiteTeam "Rueil Malmaison"]
[BlackTeam "Vincennes"]

1. e4 c5 2. Nf3 d6 3. d4 cxd4 4. Nxd4 Nf6 5. Nc3 a6 6. Bg5 e5 7. Nb3 Be6 8. Be2
Nbd7 9. Nd5 h6 10. Bxf6 Nxf6 11. f3 Nxd5 12. exd5 Bf5 13. Qd2 Rc8 14. Bd3 Bxd3
15. Qxd3 Be7 16. O-O-O O-O 17. Rhe1 b5 18. Qe4 Qb6 19. Nd2 Rc7 20. Kb1 Rfc8 21.
Rc1 Bg5 22. Re2 a5 23. h4 Bf4 24. h5 b4 25. b3 Rc3 26. Nc4 R8xc4 27. bxc4 Bxc1
28. Kxc1 a4 29. f4 f6 30. Rd2 b3 31. Qg6 Qb8 32. Kb1 bxc2+ 0-1

[Event "1/2 finale Crit Petits pions -14 ans"]
[Site "Maisons Alfort"]
[Date "2019.06.10"]
[Round "2.1"]
[White "Mimoune, Mehdy"]
[Black "Panvier, Briac"]
[Result "0-1"]
[WhiteElo "1182"]
[BlackElo "1095"]
[PlyCount "44"]
[SourceDate "2019.06.11"]
[SourceVersionDate "2019.06.11"]
[WhiteTeam "Vincennes"]
[BlackTeam "Rueil Malmaison"]

1. e4 e5 2. Nf3 Nc6 3. Bc4 Nf6 4. Nc3 Nxe4 5. Bxf7+ Kxf7 6. Nxe4 d5 7. Ng3 Be7
8. d3 Rf8 9. O-O Kg8 10. Re1 Bg4 11. h3 Bxf3 12. gxf3 Qd7 13. Kh2 Nd4 14. f4
exf4 15. Nh5 Bd6 16. f3 Qf5 17. Nxg7 Kxg7 18. Rg1+ Kf7 19. c3 Ne6 20. d4 Rg8
21. Re1 Rg3 22. Rg1 Qxh3# 0-1

[Event "1/2 finale Crit Petits pions -14 ans"]
[Site "Maisons Alfort"]
[Date "2019.06.10"]
[Round "2.2"]
[White "Fronius, Lino"]
[Black "Haioun, Nicolas"]
[Result "1-0"]
[WhiteElo "1279"]
[BlackElo "1169"]
[PlyCount "41"]
[SourceDate "2019.06.11"]
[SourceVersionDate "2019.06.11"]
[WhiteTeam "Vincennes"]
[BlackTeam "Rueil Malmaison"]

1. e4 e5 2. Nf3 Nc6 3. Bc4 Nf6 4. d3 Bc5 5. Bg5 d6 6. Nc3 h6 7. Bh4 Nd4 8. Nd5
g5 9. Nxg5 hxg5 10. Bxg5 Rg8 11. Nxf6+ Kf8 12. Nh7+ Kg7 13. Bxd8 Kxh7 14. Qh5+
Kg7 15. Qxf7+ Kh6 16. Qf6+ Kh7 17. Bxg8+ Kxg8 18. Qg6+ Kf8 19. Bf6 Be6 20. Qg7+
Ke8 21. Qe7# 1-0

[Event "1/2 finale Crit Petits pions -14 ans"]
[Site "Maisons Alfort"]
[Date "2019.06.10"]
[Round "2.3"]
[White "Munier, Alexis"]
[Black "Coindreau, Elsa"]
[Result "0-1"]
[WhiteElo "1229"]
[BlackElo "1100"]
[PlyCount "50"]
[SourceDate "2019.06.11"]
[SourceVersionDate "2019.06.11"]
[WhiteTeam "Vincennes"]
[BlackTeam "Rueil Malmaison"]

1. d4 d5 2. Bf4 Bf5 3. Nf3 e6 4. e3 Nc6 5. Bb5 a6 6. Bd3 Bxd3 7. Qxd3 Nf6 8. h3
Bd6 9. Bg5 e5 10. c3 e4 11. Qc2 exf3 12. gxf3 O-O 13. e4 dxe4 14. fxe4 Be7 15.
Rg1 Re8 16. e5 Nd5 17. Bh6 g6 18. f4 Bf8 19. Bg5 Be7 20. Bh6 Bf6 21. f5 Bg7 22.
fxg6 Qh4+ 23. Kd1 Qxh6 24. gxf7+ Kxf7 25. Qf5+ Kg8 0-1

[Event "1/2 finale Crit Petits pions -14 ans"]
[Site "Maisons Alfort"]
[Date "2019.06.10"]
[Round "2.4"]
[White "Mimoune, Samy"]
[Black "Sabapathee, Florian"]
[Result "1-0"]
[WhiteElo "1213"]
[BlackElo "1166"]
[PlyCount "117"]
[SourceDate "2019.06.11"]
[SourceVersionDate "2019.06.11"]
[WhiteTeam "Vincennes"]
[BlackTeam "Rueil Malmaison"]

1. Nf3 c5 2. c4 g6 3. Nc3 Bg7 4. e3 Nc6 5. g3 e6 6. d4 Nge7 7. Bg2 O-O 8. O-O
d5 9. cxd5 Nxd5 10. Nxd5 exd5 11. Rb1 Bf5 12. Ra1 Qb6 13. dxc5 Qxc5 14. Nh4 Be4
15. Bxe4 dxe4 16. Rb1 Rad8 17. Qe2 Nb4 18. a3 Nd3 19. Ng2 Qb6 20. Ne1 Nxc1 21.
Rxc1 Qxb2 22. Qxb2 Bxb2 23. Rb1 Bxa3 24. Rxb7 Rb8 25. Rxb8 Rxb8 26. Nc2 Bd6 27.
Ra1 Rb7 28. Ra4 Re7 29. Nd4 Bc5 30. Nc6 Rc7 31. Ne5 f5 32. Ra6 Bb6 33. Kf1 Rc5
34. Nd7 Ra5 35. Rxa5 Bxa5 36. Nc5 Kf7 37. Ke2 Ke7 38. Kd1 Kf6 39. Nd7+ Ke7 40.
Nc5 Bb4 41. Na6 Bc3 42. Nc7 Ba5 43. Nd5+ Ke6 44. Nf4+ Kd6 45. Nh3 h6 46. Nf4 g5
47. Ne2 Bb6 48. Kc2 Kd5 49. Nc3+ Kc4 50. Na4 Ba5 51. Nb2+ Kd5 52. Kd1 Bc3 53.
Na4 Kc4 54. Kc2 Kb4 55. Nxc3 a5 56. Na2+ Ka3 57. Nc3 a4 58. Nxa4 Kxa4 59. Kc3
1-0

[Event "1/2 finale Crit Petits pions -14 ans"]
[Site "Maisons Alfort"]
[Date "2019.06.10"]
[Round "1.1"]
[White "Noyrey Burban, Zeno"]
[Black "El Khoumsi, Mohamed"]
[Result "1-0"]
[WhiteElo "1146"]
[BlackElo "1099"]
[PlyCount "45"]
[SourceDate "2019.06.11"]
[SourceVersionDate "2019.06.11"]
[WhiteTeam "Val D'Yerres"]
[BlackTeam "Survilliers"]

1. e4 e5 2. Nf3 Nc6 3. Bc4 Bc5 4. c3 a6 5. d4 exd4 6. cxd4 Ba7 7. Nc3 b5 8. Bd5
Nge7 9. Qb3 O-O 10. Bg5 Qe8 11. O-O d6 12. Bxe7 Qxe7 13. Bxc6 Be6 14. d5 Bxd5
15. Nxd5 Qxe4 16. Nf6+ gxf6 17. Bxe4 Rfe8 18. Qd3 f5 19. Bxf5 Kh8 20. Rac1 c5
21. Qxd6 Rg8 22. Qh6 Rg7 23. Ng5 1-0

[Event "1/2 finale Crit Petits pions -14 ans"]
[Site "Maisons Alfort"]
[Date "2019.06.10"]
[Round "1.2"]
[White "Peslier, Yanis"]
[Black "Marsiac, Sarah"]
[Result "0-1"]
[WhiteElo "1120"]
[BlackElo "1010"]
[PlyCount "130"]
[SourceDate "2019.06.11"]
[SourceVersionDate "2019.06.11"]
[WhiteTeam "Val D'Yerres"]
[BlackTeam "Survilliers"]

1. e4 e5 2. Nf3 Nc6 3. Bc4 Nf6 4. Ng5 d5 5. exd5 Nxd5 6. Nxf7 Kxf7 7. Qf3+ Ke6
8. Nc3 Nce7 9. d3 Kd6 10. Nxd5 c6 11. Nxe7 Bxe7 12. d4 Bf6 13. dxe5+ Bxe5 14.
O-O Rf8 15. Rd1+ Kc7 16. Qh5 Qf6 17. Be3 g6 18. Qxh7+ Kb8 19. Rd2 Rh8 20. Bg5
Rxh7 21. Bxf6 Bxf6 22. c3 Bf5 23. Rc1 Kc7 24. b4 Bg5 25. Rdd1 Bxc1 26. Rxc1 Re8
27. b5 Be6 28. Re1 Rhe7 29. Bd3 Bf5 30. Rxe7+ Rxe7 31. h3 Bxd3 32. bxc6 bxc6
33. g4 Bc4 34. a3 Bd5 35. Kh2 Re2 36. Kg3 Rd2 37. h4 Rd3+ 38. Kf4 Rxc3 39. h5
gxh5 40. gxh5 Rf3+ 41. Kg5 Rxf2 42. h6 Rh2 43. Kg6 Be4+ 44. Kg7 Rg2+ 45. Kf6
Rg6+ 46. Ke5 Rxh6 47. Kxe4 c5 48. Kd5 Rc6 49. Kc4 Kd6 50. a4 a5 51. Kb5 c4 52.
Kxa5 c3 53. Kb5 c2 54. a5 c1=Q 55. Kb4 Qc4+ 56. Ka3 Qc3+ 57. Ka4 Rc4+ 58. Kb5
Rc5+ 59. Ka4 Qxa5+ 60. Kb3 Rh5 61. Kc4 Rh4+ 62. Kd3 Qa3+ 63. Kc2 Rh2+ 64. Kb1
Qg3 65. Kc1 Qg1# 0-1

[Event "1/2 finale Crit Petits pions -14 ans"]
[Site "Maisons Alfort"]
[Date "2019.06.10"]
[Round "1.3"]
[White "Alidji, Alexandre"]
[Black "Serafini, Tom"]
[Result "0-1"]
[WhiteElo "1100"]
[BlackElo "1099"]
[PlyCount "148"]
[SourceDate "2019.06.11"]
[SourceVersionDate "2019.06.11"]
[WhiteTeam "Val D'Yerres"]
[BlackTeam "Survilliers"]

1. e4 e5 2. Nf3 Nc6 3. d4 d6 4. d5 Nb4 5. Bd2 Na6 6. c4 c6 7. Qa4 Qd7 8. Nc3
Nf6 9. Bd3 Be7 10. O-O O-O 11. Rad1 Qc7 12. b4 c5 13. a3 Bd7 14. b5 Nb8 15. Qb3
a6 16. b6 Qd8 17. a4 Bg4 18. Be2 Bxf3 19. Bxf3 Nfd7 20. a5 Nf6 21. Be2 Nbd7 22.
f4 Re8 23. Rfe1 g6 24. g4 h5 25. f5 hxg4 26. fxg6 fxg6 27. Bg5 Nh7 28. Bxe7
Qxe7 29. Bxg4 Qg5 30. h3 Nhf6 31. Kh1 Nxg4 32. hxg4 Qxg4 33. Nb1 Rf8 34. Rd2
Rf3 35. Qd1 Rh3+ 36. Rh2 Rxh2+ 37. Kxh2 Qh4+ 38. Kg2 Qg5+ 39. Kh2 Kg7 40. Qf3
Rh8+ 41. Qh3 Rxh3+ 42. Kxh3 Nf6 43. Nc3 Qh5+ 44. Kg3 g5 45. Nb5 Qh4+ 46. Kf3
Qxe1 47. Nxd6 g4+ 48. Kg2 Qe2+ 49. Kg3 Qf3+ 50. Kh4 Qh3+ 51. Kg5 Qh6+ 52. Kf5
Qg6+ 53. Ke6 Nxe4+ 54. Kxe5 Nxd6 55. Kf4 Qf5+ 56. Kg3 Qf3+ 57. Kh4 g3 58. Kg5
Qf5+ 59. Kh4 Qf4+ 60. Kh3 Qf3 61. Kh4 Qf4+ 62. Kh3 Qf1+ 63. Kxg3 Ne4+ 64. Kg4
Kf6 65. Kh4 Qg1 66. Kh3 Kf5 67. d6 Nxd6 68. Kh4 Kf4 69. Kh5 Kf3 70. Kh6 Kf4 71.
Kh7 Kf5 72. Kh8 Kf6 73. Kh7 Nxc4 74. Kh8 Qg7# 0-1

[Event "1/2 finale Crit Petits pions -14 ans"]
[Site "Maisons Alfort"]
[Date "2019.06.10"]
[Round "1.4"]
[White "Lenain Bader, Arsene"]
[Black "Bimont, Maelyss"]
[Result "1/2-1/2"]
[WhiteElo "1220"]
[BlackElo "1090"]
[PlyCount "87"]
[SourceDate "2019.06.11"]
[SourceVersionDate "2019.06.11"]
[WhiteTeam "Val D'Yerres"]
[BlackTeam "Survilliers"]

1. d4 d5 2. c4 dxc4 3. e4 Nf6 4. Nc3 e5 5. Nf3 Bb4 6. dxe5 Qxd1+ 7. Kxd1 Bxc3
8. exf6 Bxf6 9. Bxc4 Bg4 10. Be2 Nc6 11. Bf4 O-O-O+ 12. Nd2 Bxe2+ 13. Kxe2 Nd4+
14. Kd1 Ne6 15. Bg3 Bxb2 16. Rb1 Bc3 17. Kc2 Bxd2 18. Rhd1 Ng5 19. Rxd2 Rxd2+
20. Kxd2 Nxe4+ 21. Ke3 Nxg3 22. hxg3 Re8+ 23. Kf3 Re6 24. Rh1 Rf6+ 25. Ke2 Re6+
26. Kf3 h6 27. Rh5 Rf6+ 28. Ke2 c6 29. Ra5 b6 30. Rxa7 c5 31. f3 c4 32. Ra4 c3
33. Rc4+ Kd7 34. Rxc3 b5 35. Rb3 Rb6 36. a4 b4 37. Kd3 Rd6+ 38. Ke3 Rb6 39. a5
Ra6 40. Rxb4 Rxa5 41. Rd4+ Ke7 42. Re4+ Kf6 43. Rf4+ Kg6 44. Rg4+ 1/2-1/2

[Event "1/2 finale Crit Petits pions -14 ans"]
[Site "Maisons Alfort"]
[Date "2019.06.10"]
[Round "2.1"]
[White "Marsiac, Sarah"]
[Black "Noyrey Burban, Zeno"]
[Result "0-1"]
[WhiteElo "1010"]
[BlackElo "1253"]
[PlyCount "54"]
[SourceDate "2019.06.11"]
[SourceVersionDate "2019.06.11"]
[WhiteTeam "Survilliers"]
[BlackTeam "Val D'Yerres"]

1. e4 e5 2. Nf3 Nc6 3. Nc3 Nf6 4. Bb5 Bc5 5. Nxe5 Bxf2+ 6. Kxf2 Nxe5 7. Re1
Nfg4+ 8. Kg1 Qh4 9. h3 Qf2+ 10. Kh1 h5 11. Rf1 Qg3 12. hxg4 hxg4+ 13. Kg1 c6
14. Ba4 Nf3+ 15. Rxf3 gxf3 16. Qxf3 Qe1+ 17. Qf1 Rh1+ 18. Kxh1 Qxf1+ 19. Kh2 b5
20. Bb3 a5 21. a4 b4 22. Nd5 cxd5 23. Bxd5 Ra6 24. d3 Rg6 25. e5 d6 26. d4 Bh3
27. Kxh3 Qh1# 0-1

[Event "1/2 finale Crit Petits pions -14 ans"]
[Site "Maisons Alfort"]
[Date "2019.06.10"]
[Round "2.2"]
[White "El Khoumsi, Mohamed"]
[Black "Peslier, Yanis"]
[Result "1-0"]
[WhiteElo "1210"]
[BlackElo "1120"]
[PlyCount "76"]
[SourceDate "2019.06.11"]
[SourceVersionDate "2019.06.11"]
[WhiteTeam "Survilliers"]
[BlackTeam "Val D'Yerres"]

1. e4 e5 2. Nf3 Nc6 3. Nc3 Nf6 4. d4 exd4 5. Nxd4 Bc5 6. Nxc6 bxc6 7. Bg5 d6 8.
Bc4 O-O 9. O-O Bd4 10. Qxd4 Rb8 11. b3 Rb4 12. Qd3 c5 13. a3 Rb6 14. Nd5 Rc6
15. Bb5 Ba6 16. Bxa6 Rxa6 17. Qxa6 h6 18. Nxf6+ gxf6 19. Bxh6 Re8 20. Qe2 Kh7
21. Qh5 Qe7 22. Bf8+ Kg8 23. Bxe7 Rxe7 24. e5 fxe5 25. Qg5+ Kf8 26. Qxe7+ Kxe7
27. Rfe1 f6 28. h4 Kf7 29. Kh2 d5 30. Kg3 c4 31. bxc4 dxc4 32. Rh1 f5 33. f4 e4
34. h5 Kg7 35. h6+ Kh7 36. Rad1 e3 37. Rd7+ Kh8 38. Rd8+ Kh7 1-0

[Event "1/2 finale Crit Petits pions -14 ans"]
[Site "Maisons Alfort"]
[Date "2019.06.10"]
[Round "2.3"]
[White "Serafini, Tom"]
[Black "Lenain Bader, Arsene"]
[Result "0-1"]
[WhiteElo "1099"]
[BlackElo "1220"]
[PlyCount "96"]
[SourceDate "2019.06.11"]
[SourceVersionDate "2019.06.11"]
[WhiteTeam "Survilliers"]
[BlackTeam "Val D'Yerres"]

1. e4 c5 2. c4 d6 3. Nc3 Nf6 4. Nf3 g6 5. d4 cxd4 6. Nxd4 Bg7 7. Bd3 O-O 8. O-O
Nc6 9. Nf3 Bd7 10. Bg5 a6 11. Qd2 Qb6 12. Na4 Qb4 13. Qxb4 Nxb4 14. a3 Nxd3 15.
Rfd1 Nxf2 16. Kxf2 Bxa4 17. Rd3 Nxe4+ 18. Kg1 Nxg5 19. Nxg5 Bxb2 20. Rb1 Bc2
21. Rxb2 Bxd3 22. Rxb7 Bxc4 23. Rxe7 Rab8 24. Rd7 Rb1+ 25. Kf2 d5 26. Ra7 d4
27. Rd7 d3 28. Ke3 Re8+ 29. Kd4 d2 30. Kxc4 d1=Q 31. Rxd1 Rxd1 32. a4 Rc8+ 33.
Kb4 Rb1+ 34. Ka5 Kf8 35. Nxf7 Kxf7 36. g4 Ra1 37. h4 Rxa4+ 38. Kxa4 Rb8 39. g5
Ke6 40. h5 Kd5 41. hxg6 hxg6 42. Ka5 Kc5 43. Ka4 Rb7 44. Ka5 Rb1 45. Kxa6 Rb2
46. Ka7 Kc6 47. Ka8 Kc7 48. Ka7 Ra2# 0-1

[Event "1/2 finale Crit Petits pions -14 ans"]
[Site "Maisons Alfort"]
[Date "2019.06.10"]
[Round "2.4"]
[White "Bimont, Maelyss"]
[Black "Alidji, Alexandre"]
[Result "0-1"]
[WhiteElo "1090"]
[BlackElo "1100"]
[PlyCount "82"]
[SourceDate "2019.06.11"]
[SourceVersionDate "2019.06.11"]
[WhiteTeam "Survilliers"]
[BlackTeam "Val D'Yerres"]

1. e4 c5 2. Nf3 d6 3. Nc3 Nf6 4. Bb5+ Bd7 5. Bxd7+ Qxd7 6. d3 a6 7. Bg5 g6 8.
d4 cxd4 9. Nxd4 Bg7 10. Bxf6 Bxf6 11. Nde2 O-O 12. Nf4 e6 13. Qg4 Re8 14. O-O-O
Nc6 15. Nfd5 Bg7 16. Nb6 Bh6+ 17. Kb1 f5 18. Qf3 fxe4 19. Qxe4 Qf7 20. Nxa8
Rxa8 21. Qe2 d5 22. a3 b5 23. Rd3 Rd8 24. Rf3 Qe7 25. Nd1 Nd4 26. Qd3 Nxf3 27.
Qxf3 Rf8 28. Qc3 Bg7 29. Qc6 b4 30. axb4 Qxb4 31. c3 Qe4+ 32. Kc1 Bh6+ 33. Ne3
Rxf2 34. Qc8+ Rf8 35. Qxa6 Qxe3+ 36. Kb1 Qe4+ 37. Ka1 Qxg2 38. Qxe6+ Kh8 39.
Qe5+ Bg7 40. Qe1 Qc2 41. Rf1 Ra8# 0-1

[Event " finale Crit Petits pions -14 ans"]
[Site "Maisons Alfort"]
[Date "2019.06.10"]
[Round "1.1"]
[White "Noyrey Burban, Zeno"]
[Black "Fronius, Lino"]
[Result "1/2-1/2"]
[WhiteElo "1253"]
[BlackElo "1313"]
[PlyCount "51"]
[SourceDate "2019.06.11"]
[SourceVersionDate "2019.06.11"]
[WhiteTeam "Val D'Yerres"]
[BlackTeam "Vincennes"]

1. e4 e5 2. Nf3 Nc6 3. Bc4 Bc5 4. c3 Nf6 5. d4 exd4 6. cxd4 Bb4+ 7. Bd2 Bxd2+
8. Nbxd2 d5 9. exd5 Nxd5 10. Qb3 Na5 11. Qa4+ Nc6 12. Qb3 Qe7+ 13. Kd1 Qf6 14.
Bxd5 Nxd4 15. Bxf7+ Qxf7 16. Qxf7+ Kxf7 17. Nxd4 Rd8 18. N4b3 Bf5 19. Rc1 c6
20. Re1 Rd7 21. Rc5 g6 22. Re3 Rad8 23. Rcc3 a5 24. Re2 Bd3 25. Re3 Bf5 26. Re2
1/2-1/2

[Event " finale Crit Petits pions -14 ans"]
[Site "Maisons Alfort"]
[Date "2019.06.10"]
[Round "1.2"]
[White "Peslier, Yanis"]
[Black "Mimoune, Mehdy"]
[Result "0-1"]
[WhiteElo "1120"]
[BlackElo "1182"]
[PlyCount "48"]
[SourceDate "2019.06.11"]
[SourceVersionDate "2019.06.11"]
[WhiteTeam "Val D'Yerres"]
[BlackTeam "Vincennes"]

1. e4 c5 2. d4 cxd4 3. Qxd4 Nc6 4. Qd1 Nf6 5. Nc3 e5 6. Nf3 d6 7. Bc4 Be7 8.
Bg5 O-O 9. O-O a6 10. Nd5 Nxd5 11. Bxd5 Bxg5 12. Nxg5 Qxg5 13. c4 Bh3 14. g3
Bxf1 15. Kxf1 Nd4 16. Bxb7 Rab8 17. Bxa6 Rxb2 18. Bb5 Qh6 19. Kg1 Qh3 20. a4
Ne2+ 21. Kh1 Nxg3+ 22. Kg1 Nxe4 23. Qd5 Rxf2 24. Qxe4 Qxh2# 0-1

[Event " finale Crit Petits pions -14 ans"]
[Site "Maisons Alfort"]
[Date "2019.06.10"]
[Round "1.3"]
[White "Alidji, Alexandre"]
[Black "Mimoune, Samy"]
[Result "0-1"]
[WhiteElo "1100"]
[BlackElo "1215"]
[PlyCount "103"]
[SourceDate "2019.06.11"]
[SourceVersionDate "2019.06.11"]
[WhiteTeam "Val D'Yerres"]
[BlackTeam "Vincennes"]

1. e4 e6 2. d4 d5 3. e5 c5 4. c3 Nd7 5. Nf3 Ne7 6. Bg5 h6 7. Bxe7 Bxe7 8. b3 a6
9. Bd3 b5 10. c4 bxc4 11. bxc4 dxc4 12. Bxc4 cxd4 13. Qxd4 Qa5+ 14. Nc3 Bc5 15.
Qd3 Bb4 16. Rc1 Nxe5 17. Nxe5 Qxe5+ 18. Qe3 Qxe3+ 19. fxe3 Bb7 20. O-O Rc8 21.
Na4 Bd2 22. Rc2 Bxe3+ 23. Kh1 Bd5 24. Bb5+ Bc6 25. Bxc6+ Ke7 26. Nb6 Bxb6 27.
Rb1 Rhd8 28. g3 Rb8 29. Rcb2 Bc7 30. Bb7 Be5 31. Rb3 a5 32. Rb5 Bc3 33. R1b3
Rd3 34. Be4 Rxb5 35. Rxb5 Rd1+ 36. Kg2 Rd2+ 37. Kh3 Rxa2 38. Rb7+ Kf6 39. Bb1
Rb2 40. Rc7 Bb4 41. Bd3 a4 42. Rc1 a3 43. Rf1+ Ke7 44. g4 Rb3 45. Rf3 a2 46.
Kg2 a1=Q 47. h3 Qb2+ 48. Kg3 Be1+ 49. Kf4 Qd2+ 50. Ke4 Rb4+ 51. Ke5 f6+ 52.
Rxf6 0-1

[Event "finale Crit Petits pions -14 ans"]
[Site "Maisons Alfort"]
[Date "2019.06.10"]
[Round "1.4"]
[White "Lenain Bader, Arsene"]
[Black "Munier, Alexis"]
[Result "0-1"]
[WhiteElo "1220"]
[BlackElo "1229"]
[PlyCount "78"]
[SourceDate "2019.06.11"]
[SourceVersionDate "2019.06.11"]
[WhiteTeam "Val D'Yerres"]
[BlackTeam "Vincennes"]

1. d4 d5 2. c4 e6 3. Nc3 Nf6 4. Nf3 h6 5. Bf4 Bd6 6. Bxd6 Qxd6 7. e3 Bd7 8. Bd3
Nc6 9. c5 Qe7 10. O-O O-O 11. Rb1 a5 12. a3 Rfb8 13. Nb5 Na7 14. Nxc7 Rc8 15.
Nxa8 Rxa8 16. b4 axb4 17. axb4 Rb8 18. Ra1 Nb5 19. Qb3 b6 20. Ra2 bxc5 21. bxc5
Qd8 22. Ne5 Nxd4 23. Qd1 Nc6 24. Nxc6 Bxc6 25. Qd2 Nd7 26. Qc3 Qg5 27. g3 e5
28. Rb1 Rxb1+ 29. Bxb1 h5 30. h4 Qe7 31. Ra5 Qe6 32. Kh2 Qg4 33. Bd3 d4 34. Qc4
Qf3 35. e4 Qxf2+ 36. Kh3 Qg1 37. Ra2 Nf6 38. Qc2 Bd7+ 39. g4 hxg4# 0-1

[Event " finale Crit Petits pions -14 ans"]
[Site "Maisons Alfort"]
[Date "2019.06.10"]
[Round "2.1"]
[White "Mimoune, Mehdy"]
[Black "Noyrey Burban, Zeno"]
[Result "0-1"]
[WhiteElo "1182"]
[BlackElo "1253"]
[PlyCount "50"]
[SourceDate "2019.06.11"]
[SourceVersionDate "2019.06.11"]
[WhiteTeam "Vincennes"]
[BlackTeam "Val D'Yerres"]

1. e4 e5 2. Nf3 Nc6 3. d4 exd4 4. Bc4 Nf6 5. e5 d5 6. exf6 dxc4 7. fxg7 Bxg7 8.
O-O Be6 9. a3 a6 10. Bg5 Qd7 11. Re1 f6 12. Bf4 O-O-O 13. Nbd2 Rhg8 14. Ne4 Bh3
15. gxh3 Bh6+ 16. Bg3 Qxh3 17. Nxf6 Rg6 18. Ne4 Bf4 19. Kh1 Bxg3 20. fxg3 Rh6
21. Neg5 Qh5 22. Qe2 d3 23. cxd3 cxd3 24. Qe3 Nd4 25. Nxd4 Qxh2# 0-1

[Event " finale Crit Petits pions -14 ans"]
[Site "Maisons Alfort"]
[Date "2019.06.10"]
[Round "2.3"]
[White "Munier, Alexis"]
[Black "Alidji, Alexandre"]
[Result "1/2-1/2"]
[WhiteElo "1229"]
[BlackElo "1100"]
[PlyCount "61"]
[SourceDate "2019.06.11"]
[SourceVersionDate "2019.06.11"]
[WhiteTeam "Vincennes"]
[BlackTeam "Val D'Yerres"]

1. d4 d5 2. Bf4 Nc6 3. e3 f6 4. Nf3 g6 5. c3 Bg7 6. Bb5 a6 7. Ba4 b5 8. Bc2 e5
9. Bg3 Nge7 10. O-O O-O 11. Nbd2 e4 12. Ne1 f5 13. f4 Bb7 14. b4 Qd6 15. a4
Rae8 16. Nb3 Nb8 17. Nc5 Bc8 18. Qe2 c6 19. axb5 axb5 20. Bb3 Nd7 21. Nc2 Nf6
22. Ra5 Bd7 23. Rfa1 Nh5 24. Bf2 Nc8 25. Ne1 Bf6 26. R1a3 Nb6 27. Qa2 Bd8 28.
Ra7 Bc7 29. g4 fxg4 30. Nb7 Qf6 31. Nc5 1/2-1/2

[Event " finale Crit Petits pions -14 ans"]
[Site "Maisons Alfort"]
[Date "2019.06.10"]
[Round "2.4"]
[White "Mimoune, Samy"]
[Black "Lenain Bader, Arsene"]
[Result "0-1"]
[WhiteElo "1213"]
[BlackElo "1220"]
[PlyCount "86"]
[SourceDate "2019.06.11"]
[SourceVersionDate "2019.06.11"]
[WhiteTeam "Vincennes"]
[BlackTeam "Val D'Yerres"]

1. Nf3 d5 2. b3 Nf6 3. Bb2 e6 4. g3 g6 5. Bg2 Bg7 6. O-O O-O 7. d3 Nc6 8. Nbd2
Bd7 9. Rc1 Re8 10. c4 Qc8 11. cxd5 exd5 12. Re1 Bh3 13. Bh1 Ng4 14. Bxg7 Kxg7
15. Ng5 Nf6 16. Nxh3 Qxh3 17. Bg2 Qh5 18. Bf3 Ng4 19. Bxg4 Qxg4 20. Kg2 Rac8
21. e3 Qxd1 22. Rexd1 Nb4 23. Nf3 Nxa2 24. Ra1 Nc3 25. Rdc1 Nb5 26. Rc5 c6 27.
d4 b6 28. Rc2 c5 29. Rac1 c4 30. bxc4 Na3 31. Rc3 Nxc4 32. Nd2 b5 33. Nxc4 dxc4
34. Ra1 b4 35. Rcc1 Re7 36. Ra4 Rb7 37. d5 Kf6 38. f4 c3 39. e4 b3 40. e5+ Ke7
41. d6+ Kd7 42. Raa1 b2 43. Rxa7 bxc1=Q 0-1